| Tag |
First Indicator |
Second Indicator |
Subfields |
| LEADER |
00000pam a22000004a 4500 |
| 001 |
in00002129021 |
| 005 |
20151103063433.0 |
| 008 |
050415s2006 nyua b 001 0 eng |
| 010 |
|
|
|a 2005010806
|
| 020 |
|
|
|a 159454431X
|
| 035 |
|
|
|a (OCoLC)ocm59879850
|
| 040 |
|
|
|a DLC
|c DLC
|d YDX
|d BAKER
|d UtOrBLW
|
| 042 |
|
|
|a pcc
|
| 049 |
|
|
|a TXAM
|
| 050 |
0 |
0 |
|a BF697
|b .P69 2006
|
| 245 |
0 |
0 |
|a Possible selves :
|b theory, research and applications /
|c Curtis Dunkel and Jennifer Kerpelman, editors.
|
| 264 |
|
1 |
|a New York :
|b Nova Science Publishers,
|c [2006]
|
| 264 |
|
4 |
|c ©2006
|
| 300 |
|
|
|a xiv, 236 pages :
|b illustrations ;
|c 27 cm.
|
| 336 |
|
|
|a text
|b txt
|2 rdacontent
|
| 337 |
|
|
|a unmediated
|b n
|2 rdamedia
|
| 338 |
|
|
|a volume
|b nc
|2 rdacarrier
|
| 504 |
|
|
|a Includes bibliographical references and index.
|
| 505 |
0 |
|
|a Preface / Jennifer L. Kerpelman, Curtis S. Dunkel -- Foreword / Hazel R. Markus -- Temporal comparisons, identity, and motivation : the relation between past, present, and possible future selves / Erin J. Strahan, Anne E. Wilson -- The possible selves of diverse adolescents : content and function across gender, race and national origin / Daphna Oyserman, Stephanie Fryberg -- Possible selves in adult development : linking theory and research / Leslie D. Frazier, Karen Hooker -- Gender and possible selves / Michele Knox -- Possible selves, fantasy distortion, and the anticipated life history : exploring the role of the imagination in social cognition / Harry G. Segal -- Identity health, stress, and support : profiles of transition to motherhood among high risk adolescent girls / Paula S. Nurius ... [et al.] -- Possible selves in the lives of adult women : a short-term longitudinal study / Kristine Anthis -- Possible selves as joint projects / Sheila K. Marshall, Richard A. Young, José F. Domene -- Using Q methodology to study possible selves / Jennifer L. Kerpelman -- Possible selves as mechanisms of change in therapy / Curtis S. Dunkel, Daniel Kelts, Brian Coon -- Enhancing student motivation through the pursuit of possible selves / Michael F. Hock, Donald D. Deshler, Jean B. Schuamker.
|
| 650 |
|
0 |
|a Self.
|
| 650 |
|
0 |
|a Self-perception.
|
| 650 |
|
0 |
|a Identity (Psychology)
|
| 700 |
1 |
|
|a Dunkel, Curtis.
|
| 700 |
1 |
|
|a Kerpelman, Jennifer.
|
| 856 |
4 |
1 |
|3 Table of contents
|u http://www.loc.gov/catdir/toc/ecip0511/2005010806.html
|t 0
|
| 945 |
|
|
|i PromptCat
|
| 947 |
|
|
|a A14832718791
|
| 994 |
|
|
|a 92
|b TXA
|
| 948 |
|
|
|a cataloged
|b h
|c 2006/5/8
|d c
|e aklinger
|f 1:38:51 pm
|
| 999 |
|
|
|a MARS
|
| 999 |
f |
f |
|s d0cdb6e9-a5d6-39da-a74d-bc0eac320fa8
|i 436e534c-268f-3522-93b9-86ed62272323
|t 0
|
| 952 |
f |
f |
|p normal
|a Texas A&M University
|b College Station
|c Sterling C. Evans Library
|d Evans: Library Stacks
|t 0
|e BF697 .P69 2006
|h Library of Congress classification
|i unmediated -- volume
|m A14832718791
|
| 998 |
f |
f |
|a BF697 .P69 2006
|t 0
|l Evans: Library Stacks
|